000
00337 a2200157 4500
001
59760
020
_a
9783442243945
040
_c
Anchieta - Pituba
100
_a
Canavan, Trudi
240
1
0
_a
Die rebellin
_l
por
245
1
0
_a
Die rebellin
300
_a
543
362
0
_a
2006
650
4
_a
Literatura juvenil em alemão
942
_c
BK
999
_c
59760
_d
59760